MDQL
is popping MORE tags! Check the
thread
!
Quizzes
Events
Quiz Creation
Community
Videos
Private Events
Remove Ads
Sign In
Join for FREE
Feedback
Dark Mode
Quiz Categories
Sports
Geography
Music
Movies
Television
Just For Fun
Miscellaneous
History
Literature
Language
Science
Gaming
Entertainment
Religion
Holiday
For Kids
Quiz Lab
Recent
Popular Today
Quiz Kudos Today
Editor Picks
Curator Picks
Quizzes by...
Day
Popularity
Type
Ratings
Length
Year
Community
Subscriptions
Recent Discussions
Orange Saloon
Badges
Playlists
Quests
Create
Leaderboards
Showdown
Live 5
Trivia Bingo
Activity
Puzzle Library
Sporcle Events
Private Events
Virtual Trivia
Globe League
Become a Host
Pub Owners
SporcleCon
Opinionation
Our Games
Videos
Blog
Mobile Apps
Partnerships
Remove Ads and Go Orange
Feedback
Movies
Disney
Marvel Cinematic Universe
Movie Resume
Movie Titles
Oscar
Actor
Actress
Director
Pixar
Role
Movie Quotes
Movie Characters
Box Office
Nominee
Best Picture
Star Wars
James Bond
Horror Movies
Movies
Disney
Marvel Cinematic Universe
Movie Resume
Movie Titles
Oscar
Actor
Actress
Director
Pixar
Role
Movie Quotes
Movie Characters
Box Office
Nominee
Best Picture
Star Wars
James Bond
Horror Movies
Random Quiz
Search Sporcle
×
Quiz Lab
Quiz Lab
Movies
Oscar
Type in answers that appear in a list
Type in answers that appear in a list
Classic
Best Score? Go Orange.
Oscar screenplay nominees 1990's Stats
Can you name the movies nominated for an Adapted or Original Screenplay, 1990-1999?
By
exackerly
14m
100 Questions
958 Plays
958 Plays
958 Plays
Comments
Comments
Give Quiz Kudos
Give Quiz Kudos
-
- Ratings
hide this ad
Replay
Link that replays current quiz
Next Quiz
Link to next quiz in quiz playlist
You Got
0%
They Got
Avg Score
74%
Avg Friend Score
Upgrade to see
Score Distribution
Jump to the score distribution portion of the page
Score
0/100
Timer
14:00
0
Plays Today
Year
Movie
% Correct
1991 Adapted
The Silence of the Lambs
95.9%
1990 Adapted
Dances with Wolves
95.4%
1990 Adapted
Goodfellas
94.3%
1992 Original
Unforgiven
93.2%
1994 Adapted
Forrest Gump
92.8%
1993 Adapted
Schindler's List
92.5%
1994 Original
Pulp Fiction
92.4%
1998 Original
Shakespeare in Love
91%
1999 Original
American Beauty
90.5%
1996 Adapted
The English Patient
90.3%
1995 Original
Braveheart
89.7%
1998 Original
Saving Private Ryan
89%
1991 Adapted
JFK
88.7%
1994 Adapted
The Shawshank Redemption
88.7%
1992 Adapted
Howards End
88.1%
1996 Original
Fargo
87.9%
1997 Original
Good Will Hunting
87.2%
1993 Adapted
The Remains of the Day
87%
1997 Adapted
LA Confidential
85.9%
1997 Original
As Good as It Gets
85.2%
1999 Original
The Sixth Sense
84.7%
1990 Original
Ghost
84.6%
1994 Adapted
Quiz Show
84.3%
1990 Adapted
Awakenings
84.1%
1993 Original
The Piano
83.9%
1995 Adapted
Apollo 13
83.9%
1999 Adapted
The Cider House Rules
83.9%
1993 Adapted
In the Name of the Father
83.6%
1999 Adapted
The Green Mile
83.5%
1995 Adapted
Sense and Sensibility
83%
1992 Original
The Crying Game
81.8%
1991 Adapted
The Prince of Tides
81.5%
1996 Original
Secrets & Lies
81.2%
1995 Adapted
Babe
81.1%
Year
Movie
% Correct
1994 Original
Four Weddings and a Funeral
80.8%
1994 Original
Bullets over Broadway
80.6%
1992 Adapted
Scent of a Woman
80.5%
1996 Original
Jerry Maguire
80.2%
1991 Original
Thelma & Louise
80.1%
1998 Original
Life Is Beautiful
79.7%
1991 Original
Bugsy
79.2%
1997 Original
The Full Monty
79.2%
1996 Original
Shine
77.9%
1995 Adapted
The Postman
77.8%
1997 Original
Boogie Nights
77.6%
1993 Original
Philadelphia
77.5%
1998 Adapted
The Thin Red Line
77.1%
1995 Original
The Usual Suspects
76.9%
1995 Original
Toy Story
76.8%
1995 Original
Mighty Aphrodite
76.6%
1999 Adapted
The Insider
76.4%
1991 Original
The Fisher King
74.8%
1999 Original
Magnolia
74.5%
1995 Original
Nixon
74.2%
1999 Original
Being John Malkovich
74.1%
1995 Adapted
Leaving Las Vegas
73.4%
1993 Adapted
The Age of Innocence
73.2%
1990 Adapted
Reversal of Fortune
72.9%
1990 Original
Alice
71.8%
1992 Original
Husbands and Wives
71.2%
1997 Original
Deconstructing Harry
70.8%
1999 Adapted
The Talented Mr. Ripley
70.8%
1990 Original
Avalon
69.6%
1990 Original
Green Card
68.8%
1998 Adapted
Gods and Monsters
68.8%
1992 Adapted
The Player
68.3%
1996 Adapted
Sling Blade
68.3%
1990 Adapted
The Grifters
68.1%
Year
Movie
% Correct
1994 Original
Red
67.8%
1997 Adapted
Wag the Dog
66.2%
1999 Original
Topsy-Turvy
65.8%
1994 Adapted
The Madness of King George
65%
1993 Original
Sleepless in Seattle
64.7%
1994 Adapted
Nobody's Fool
64.1%
1996 Adapted
The Crucible
63.4%
1999 Adapted
Election
63.4%
1993 Original
In the Line of Fire
62.8%
1998 Original
The Truman Show
62.6%
1990 Original
Metropolitan
62.5%
1993 Adapted
Shadowlands
61.7%
1991 Adapted
Fried Green Tomatoes
61%
1992 Adapted
Enchanted April
60.3%
1992 Original
Passionfish
60.2%
1996 Adapted
Hamlet
60.2%
1998 Adapted
Out of Sight
60.1%
1994 Original
Heavenly Creatures
58.8%
1998 Adapted
Primary Colors
58.8%
1997 Adapted
The Sweet Hereafter
58.1%
1992 Original
Lorenzo's Oil
57.9%
1993 Original
Dave
57.9%
1997 Adapted
Wings of the Dove
57.8%
1998 Original
Bulworth
56.7%
1991 Original
Boyz N the Hood
56.6%
1997 Adapted
Donnie Brasco
55.4%
1996 Original
Lone Star
54.4%
1992 Adapted
A River Runs Through It
54.2%
1998 Adapted
A Simple Plan
53.4%
1991 Adapted
Europa Europa
53.2%
1991 Original
Grand Canyon
51.9%
1996 Adapted
Trainspotting
49.6%
Quiz Playlist
Details
Report
Send in Message
Add To Playlist
Classic:
Type in answers that appear in a list
Quiz Source
Last Updated: Feb 16, 2017
Quiz Scoreboard
CHALLENGE
Sign Up to Join the Scoreboard
Show All
Scores
Hide
Comments
May contain spoilers
Recently Published
Holiday 10x10 Sorting Gallery
by lukepisani3
Holiday
15m
Two Season TV Shows II
by 123Four
Television
10m
Image Sorting: Flags VI
by Barbecue
Geography
2m
More to Explore
Quiz From the Vault
Featured Blog Post
14 Easter Pick-up Lines to Find Eggs With
hide this ad
You Might Also Like...
Tags
Nominee Quiz
Oscar Quiz
1990
1990s
Adapted
Adapted Screenplay
nomination
original
Screenplay
Today's Top Quizzes in Movies
Browse Movies
hide this ad
Today's Top Quizzes in Oscar
Browse Oscar
Top Contributed Quizzes in Movies
1
The ultimate James Bond movie quiz
2
Find The 'Big' Movie
3
Find The 'Wild' Movie
4
Find The 'Blue' Movie
5
Movies By Plot
6
Hidden Star Wars Character II
7
Hidden Star Wars Character III
8
25 Best Actor Nominees (1990s)
9
Hidden Star Wars Character IV
10
Pick 5 Posters: Directed by Spielberg
Explore More
Trending Topics
Kpop
Harry Potter
Marvel
Crossword
Anime
NBA
Disney
WWE
Pokémon
NFL
Country
Song
Soccer
The Office
Puzzle
hide this ad
More By:
exackerly
Quiz
Plays
Rating
Category
Featured
Created
Married Oscar Nominees
3,007
4.36
Movies
Nov 27, 2009
Guess the Dylan lyric #1
2,226
4.50
Music
Apr 14, 2010
Oscar screenplay nominees 1990's
958
3.33
Movies
Jan 14, 2011
Oscar snubs
944
3.42
Movies
Dec 2, 2009
Oscar screenplay nominee's 1980's
646
4.50
Movies
Jan 22, 2011
Go to Creator's Profile
Score Distribution
Quiz Creator Spotlight
exackerly
Follow
Send a Message
Quizzes Created
-
Created Quiz Play Count
-
More By This Creator
Popular Quizzes Today
1
Find the US States - No Outlines Minefield
2
Colored Red Africa Blitz
3
Find the 'City' Movie
4
The Countries of the World
5
5x2 Blitz: Bands
6
Find the Countries of Europe - No Outlines Minefield
7
Find the US States
8
US States
More Movies Quizzes
Actors in 1970 Movie Posters
Quiz Lab
Trending Quizzes
Colored Red Europe Blitz I
Colored Red Africa Blitz II
Colored Red Europe Blitz II
Even More Two Season TV Shows
Colored Red Africa Blitz III
Recently Updated
Odd Team Out - Big 4 Players
pecheneg
Quick Pick: 20 Twenties
pecheneg
March Madness Men's Triple Doubles
pecheneg
How Do You Spell That?
pecheneg
Godzilla Movies
pecheneg
Grab Bag: 4-10 Letters
pecheneg
2024 March Madness Bracket
pecheneg
Famous TV Couples
Peacemaker
Champions League XIs: Real Madrid
pecheneg
Largest US Cities 1790-2010
pecheneg
Trending Topics
Kpop
NBA
Harry Potter
Anime
Marvel
Crossword
Disney
Country
Pokémon
The Office
NFL
WWE
Song
Puzzle
Soccer
Your Account Isn't Verified!
In order to create a playlist on Sporcle, you need to verify the email address you used during registration. Go to your
Sporcle Settings
to finish the process.
Report this User
Report this user for behavior that violates our
Community Guidelines
.
Details:
Send Report
Go to the Sporcle.com Mobile Site →
Comments